000
00301nam a2200133Ia 4500
005
20251222155132.0
008
251222s9999||||xx |||||||||||||| ||spa||
082
_a
LEN.76
100
_a
ALEGRIA, Ciro.
245
0
_a
La serpiente de oro
250
_a
1ra. ed.
264
_b
El comercio
942
_c
LIB
999
_c
38843
_d
38843